000 00497nam a2200169Ia 4500
003 GCL
008 140319s9999 xx 000 0 eng d
040 _aGCL /
_cGCL
082 0 4 _aCC
_b054.962034
_bD H
100 1 _aDOUIN,G.
245 1 0 _aHISTOIRE DU REGNE DU KHEDIVE ISMAIL /
_cDOUIN,G.
700 1 _aLA SOCIETE DE GEOGRAPHIE D'EGYPTE
260 _a[S.N] :
_bLA SOCIETE DE GEOGRAPHIE D'EGYPTE ،
_c1941
650 0 4 _aLA SOCIETE DE GEOGRAPHIC D'EGY
650 0 4 _aPERIODICALS
942 _2ddc
_cBK
999 _c17193
_d17193